000 00515nam a2200193Ia 4500
005 20250508160204.0
008 008 250505s9999 xx 000 0 eng d
037 _aBooks to be hide in OPAC
040 _aFEDL
_beng
_cFEDL
041 _aeng
_2eng
084 _qFEDL
100 _aMartha Wilson
_9768079
245 0 _aLibrary books for high schools
260 _aWashington, USA
_bU.S. Government Printing Office
300 _a175p.
546 _aWeeded out
942 _cHB
999 _c1362513
_d1362513